Регионална библиотека "Любен Каравелов" - Русе

Книгата на мъртвите (Запис номер 80386)

MARC детайли
000 -Лидер
Контролно поле с фиксирана дължина 01197nam a2200325 c 4500
003 - Код на организацията, давaща контролен номер
Контролно поле BLK
005 - Дата и час на последна редакция
Контролно поле 20250619090208.0
008 - Елементи от данни с фиксирана дължина
fixed length control field 180408b bul|||||r ||||||| ||bul||
010 ## - Наследен системен номер
LC control number KNG00084871000
020 ## - Международен стандартен номер на книга ISBN
Международен стандартен номер на книга ISBN 978-954-585-936-6
-- издат.: Бард
040 ## - Източник на каталожния запис
Идентификатор на билиотеката - собственик на записа BLK
041 ## - Код за език
Код за езика на текст/звукозапис или на отделно заглавие Български
Код за езика КДБФ Български
080 ## - УДК
Текстов определител УДК Американска литература (на САЩ)
УДК код - определител по УДК 821.111(73)
УДК определител -312.4
УДК - код + определител 821.111(73)-312.4
100 1# - Редна дума - Автор
Автор Корнуел, Патриша Д.
Авторска отговорност първи автор
R(LIN) 243055
139 ## - Редно поле
Редна дума Корнуел, Патриша Д.
Авторски знак Кор - К 85
245 10 - Сведения за заглавието
Заглавие Книгата на мъртвите
Редно поле (дума) Патриша Д. Корнуел; прев. от англ. Ралица Ботева.
257 ## - Страна на издаване
Страна на създаване/издаване Съединени американски щати
260 ## - Област на издателските данни
-- София
Име на издателя, разпространителя и проч. Бард
Година на издаване 2008
300 ## - Физическа характеристика
Страници 444 с.
Размери/Мащаб 20 см
380 ## - Жанр
Жанр Худож. лит.
490 1# - СЕРИИ (Колекции)
Име на серия Кралете на трилъра
500 ## - Общи забележки
Забележка Ориг. загл. Book of the Dead / Patricia Cornwell
700 1# - Други автори (авторска отговорност)
Лично име Ботева, Ралица
Автороска отговорност (Описва отношението между автора и произведението) прев. от англ.
9 (RLIN) 365567
852 ## - Местоположение
Форматна сигнатура Цб 240765
856 4# - Електронен адрес и достъп
Електронен формат pdf - файл
Път до файла /url/
856 4# - Електронен адрес и достъп
Електронен формат pdf - файл
Път до файла /url/
942 ## - АРТИКУЛИ
Вид на библиотечния материал Книги
Скрит в OPAC Не
Koha issues (borrowed), all copies 64
944 ## - СЪЗДАВАНЕ И РЕДАКЦИЯ на ЗАПИСА
Създаване/Редакция Създаване
Дата на регистрацията/редакция 18.08.2008
Служител, извършил регистрацията/редакцията 30575
Статус, дата на статуса Мартин Енчев
944 ## - СЪЗДАВАНЕ И РЕДАКЦИЯ на ЗАПИСА
Създаване/Редакция Редакция
Дата на регистрацията/редакция 02.11.2009
Служител, извършил регистрацията/редакцията
999 ## - СИСТЕМНИ КОНТРОЛНИ НОМЕРА
Koha biblionumber 80386
Koha biblioitemnumber 80386
Наличности
Код за отписване Код за изгубен артикул Източник на класификационната схема Код за повреда Коз за рестрикции Код за отдаване Артикулен № Име на библиотеката - собственик Име на библиотеката, в която се намира в момента Статус (Текущо местоположение) Дата на вписване в системата Местоположение - отдел Цена в лева Инвентарен номер Систематично азбучна сигнатура Баркод Номер на екземпляра Цена в евро Служебна бележка Служебен тип на артикула
  Не е изгубен Universal Decimal Classification Не е повреден без рестрикции заемане за дома 130292 Регионална библиотека "Любен Каравелов" Русе Регионална библиотека "Любен Каравелов" Русе Заемна - подръчен фонд 2008-08-18 Заемна - подръчен фонд 11.99 120000728009 П 821-31/К 85 120000728009 1 6.13 Дост: Pk Вид: Ф N: 196 Дата: 07.08.2008 Дата инв: 13.02.2018 Бележки инв: П2018 Книги
  Не е изгубен Universal Decimal Classification Не е повреден без рестрикции заемане за дома 130293 Регионална библиотека "Любен Каравелов" Русе Регионална библиотека "Любен Каравелов" Русе Заемна - подръчен фонд 2008-08-18 Заемна - подръчен фонд 11.99 120000728010 821-31/К 85 П 120000728010 2 6.13 Дост: Pk Вид: Ф N: 196 Дата: 07.08.2008 Дата инв: 13.02.2018 Бележки инв: П2018 Книги
Изтеглен Не е изгубен Universal Decimal Classification Не е повреден без рестрикции заемане за дома 130294 Регионална библиотека "Любен Каравелов" Русе Регионална библиотека "Любен Каравелов" Русе Заемна - подръчен фонд 2008-08-18 Заемна - подръчен фонд 11.99 120000728011 П 820(73)-31/К 85 120000728011 3 6.13 Дост: Pk Вид: Ф N: 196 Дата: 07.08.2008 Дата инв: 13.02.2018 Бележки инв: П2018 Книги
  Не е изгубен   Не е повреден без рестрикции заемане за дома 130295 Регионална библиотека "Любен Каравелов" Русе Регионална библиотека "Любен Каравелов" Русе Заемна - подръчен фонд 2008-08-18 Заемна - подръчен фонд 11.99 120000728012 П 820(73)-31/К 85 120000728012 4 6.13 Дост: Pk Вид: Ф N: 196 Дата: 07.08.2008 Дата инв: 13.02.2018 Бележки инв: П2018 Книги
Изтеглен Не е изгубен Universal Decimal Classification Не е повреден без рестрикции заемане за дома 130296 Регионална библиотека "Любен Каравелов" Русе Регионална библиотека "Любен Каравелов" Русе Заемна - подръчен фонд 2008-09-16 Заемна - подръчен фонд 11.99 120000729037 П 820(73)-31/К 85 120000729037 5 6.13 Дост: Pk Вид: Ф N: 264 Дата: 16.09.2008 Дата инв: 13.02.2018 Бележки инв: П2018 Книги
  Не е изгубен   Не е повреден без рестрикции ползва се в читалня 130297 Регионална библиотека "Любен Каравелов" Русе Регионална библиотека "Любен Каравелов" Русе Хранилище 2009-09-17 Хранилище 11.99 120000738138 Цб 240765 120000738138 6 6.13 Дост: Dp Вид: Д N: 14 Дата: 25.03.2009 Книги
Vip Innovations Ltd, Rousse, Bulgaria 2025